Meranie výkonnosti podniku diplomová práca

Guardado en:
Detalles Bibliográficos
Autor principal: Zajacová, Lenka
Autor Corporativo: Podnikovohospodárska fakulta EU so sídlom v Košiciach. Katedra finančného riadenia podniku
Otros Autores: Stašková, Slavomíra, 1989-
Formato: Libro
Lenguaje:eslovaco
Publicado: Košice 2019
Etiquetas: Agregar Etiqueta
Sin Etiquetas, Sea el primero en etiquetar este registro!

MARC

LEADER 00000nbm a2200000 4500
001 0254813
005 20190918150211.6
041 0 |a slo 
044 |a SK 
245 1 0 |a Meranie výkonnosti podniku  |b diplomová práca  |c Lenka Zajacová ; školiteľ: Slavomíra Stašková 
264 1 |a Košice  |c 2019 
300 |a 70 s. 
100 1 |a Zajacová, Lenka 
700 1 |a Stašková, Slavomíra, 1989- 
710 2 |a Podnikovohospodárska fakulta EU so sídlom v Košiciach. Katedra finančného riadenia podniku